000
00488nam a2200181Ia 4500
008
090124s9999 xx 000 0 und d
082
_b
17126
_a
5773
100
_a
सिनकर श्रीकांत
245
_a
अभागी
250
_a
1
260
_c
1968
300
_a
114
600
_a
सिनकर श्रीकांत
630
_a
अभागी
700
_a
सिनकर श्रीकांत
730
_a
अभागी
942
_c
BOOK
999
_c
131066
_d
131066